| 000 | 00914cam3a220025300 4500 | ||
|---|---|---|---|
| 001 | tmp15413077 | ||
| 003 | UPRA | ||
| 005 | 20190830130102.0 | ||
| 008 | 950809m19651967quc fre u | ||
| 035 | _a(Sirsi) r30796 | ||
| 035 | _a(UPRA)tmp15413077 | ||
| 040 | _cUPRA | ||
| 100 | 1 |
_aLanct^ot, Gustave. _6A94950.2 |
|
| 245 | 1 | 0 | _aHistoire du Canada. |
| 260 |
_aMontreal : _bBeauchemin, _c1965-1967. |
||
| 500 | _aVol. I, 5 me ed., revue et rev. | ||
| 504 | _aIncludes bibliographies. | ||
| 505 | 0 | _aVol. I. Des origines au regime royal -- Vol. 2 Du regime ... royal au traite d'Utrecht, 1663-1713 -- v. 3 Du traite d'Utrecht autraite de Paris, 1713-1763. | |
| 651 | 0 |
_aCanada -- History. _xCanada -- History. _6S29189.1 |
|
| 949 |
_aF1026 _wlcc _i-34691 _mMAIN _tBOOK _lON-SHELF |
||
| 949 |
_aF1026 _wlcc _i-34692 _mMAIN _tBOOK _lON-SHELF |
||
| 949 |
_aF1026 _wlcc _i-34693 _mMAIN _tBOOK _lON-SHELF |
||
| 004 | 30796 | ||
| 999 |
_c202486 _d202486 |
||